| 000 | 02485nam a2200445 a 4500 | ||
|---|---|---|---|
| 003 | CHAP | ||
| 005 | 20241016093514.0 | ||
| 007 | cr ||||||a|c|a | ||
| 008 | 101213s2010 mx r 00010 spa d | ||
| 035 | _a111798 | ||
| 040 | _cCHAP | ||
| 090 | _aTesis | ||
| 100 | 1 |
_aHernández Ramos, Lervin. _954512 |
|
| 245 | 1 | 0 |
_aImportancia de los ácaros cuarentenados en México _c/por Lervin Hernández Ramos; director de tesis Ma. del Carmen Sánchez Gálvez. |
| 264 | 1 |
_aChapingo, Méx. : _bEl autor, _c2010. |
|
| 300 |
_a1 recurso en línea (211 páginas): _btablas, figuras. |
||
| 336 |
_2rdacontent _atexto _btxt |
||
| 337 |
_2rdamedia _acomputadora _bc |
||
| 338 |
_2rdacarrier _arecursos en línea _bcr |
||
| 502 |
_bIAEPA _cParasitología _d2010. _gLIC |
||
| 520 | _aEn años recientes se ha detectado el ingreso de diversos ácaros exóticos al territorio nacional, por lo que es necesario extender el conocimiento sobre aquellas especies que aún no se encuentran presentes en México y que constituyen un peligro potencial para la agricultura nacional. El presente trabajo se desarrolló con el propósito de elaborar una revisión bibliográfica sobre los principales ácaros de importancia cuarentenaria para México. En él se presenta de manera sistematizada la información generada hasta el momento referente a dieciocho ácaros fitófagos de importancia cuarentenaria. El producto final de esta revisión es un documento de apoyo para estudiantes relacionados con la protección vegetal, así como para profesionales en la sanidad vegetal, ya que se proporcionan las bases para elaborar un análisis de riesgo de plagas pertenecientes a la clase Acárida. | ||
| 590 |
_aALEPH _b10 _c20130110 |
||
| 590 |
_aBATCH-UPD _b10 _c20130110 |
||
| 590 |
_aBATCH-UPD _b10 _c20130410 |
||
| 590 |
_aBATCH-UPD _b10 _c20130914 |
||
| 590 |
_aBATCH-UPD _b10 _c20140324 |
||
| 590 |
_aBATCH-UPD _b10 _c20141002 |
||
| 590 |
_aCONVERSION _b10 _c20130109 |
||
| 650 | 1 | 4 | _aÁcaros. |
| 650 | 1 | 4 |
_aCuarentena. _929931 |
| 650 | 1 | 4 |
_aSanidad vegetal. _9102224 |
| 700 | 1 |
_aSánchez Gálvez, Ma. del Carmen _9164748 _eDirector de tesis. |
|
| 856 |
_uhttp://10.13.5.2/tesis/111798.pdf _zDESCARGAR PDF |
||
| 901 | _aBK | ||
| 942 |
_cTD _2Clasificación Universidad Autónoma Chapingo |
||
| 949 |
_aTesis _bBC _cTES _d33724002227215 _eTS1 _gDonaciØn _h51620 _i111798 _sb |
||
| 949 |
_aTesis _bBC _cTES _d33724002227256 _eTS2 _fc.2 _gDonaciØn _h51621 _i111798 _sb |
||
| 999 |
_c100140 _d100140 |
||